Quick Pick: Burundi top 10 cities Quiz Stats

 Plays Quiz not verified by Sporcle

Score 0/10 Timer 01:00
0 Plays Today
% Correct
Bujumbura
86.9%
Ngozi
68.6%
Gatumba
60.6%
Bubanza
59.9%
Kayanza
59.1%
Rumonge
56.2%
Kirundo
54%
Gitega
52.6%
Karuzi
51.1%
Cibitoke
49.6%

You're not logged in!

Compare scores with friends on all Sporcle quizzes.
OR
Log In

Sporcle TV

Today on Sporcle TV


Watch our educational content, quiz creation guides, and fun videos on Sporcle TV.

Show Comments

Extras

Top Quizzes Today


Score Distribution

Your Account Isn't Verified!

In order to create a playlist on Sporcle, you need to verify the email address you used during registration. Go to your Sporcle Settings to finish the process.

Report this User

Report this user for behavior that violates our Community Guidelines.

Details: